Az ingatlanokkal kapcsolatos adózás a magánszemélyek szemszögéből vizsgálva
| Szerző: | |
|---|---|
| További közreműködők: | |
| Dokumentumtípus: | Diplomadolgozat |
| Kulcsszavak: | Adózás Ingatlan magánszemély |
| Online Access: | http://dolgozattar.uni-bge.hu/12087 |
MARC
| LEADER | 00000nta a2200000 i 4500 | ||
|---|---|---|---|
| 001 | dolg12087 | ||
| 005 | 20170517134746.0 | ||
| 008 | 170517suuuu hu om 000 hun d | ||
| 040 | |a BGE Dolgozattár Repozitórium |b hun | ||
| 041 | |a hu | ||
| 100 | 1 | |a Nagy Ágnes | |
| 245 | 1 | 3 | |a Az ingatlanokkal kapcsolatos adózás a magánszemélyek szemszögéből vizsgálva |c Nagy Ágnes |h [elektronikus dokumentum] |
| 695 | |a Adózás | ||
| 695 | |a Ingatlan | ||
| 695 | |a magánszemély | ||
| 700 | 1 | |a Galántainé Dr. Máté Dr. Zsuzsanna |e ths | |
| 856 | 4 | 0 | |u http://dolgozattar.uni-bge.hu/12087/1/Nagy%20%C3%81gnes_EPLJOO_Szakdologozat%20felt%C3%B6lteni.pdf |z Dokumentum-elérés |